000 00915nam0a22002531 4500
001 rc\3909349
005 20260407095724.0
021 _aRU
_b[56-57744]
035 _a(NLR Aleph) 008018313
090 _a8744437
_c8744437
100 _a20130415d1956 |||y0rusy50 ca
101 0 _arus
102 _aRU
105 _ay c |||||
200 1 _aАгроуказания по садоводству Туркменской ССР
_fМ-во сельского хозяйства Туркм. ССР
210 _aАшхабад
_cБ. и.
_d1956
215 _a75 с.
_d22
606 _aПлодовые культуры
_xВозделывание
_yТуркменская ССР
_2psbo
712 0 1 _aТССР
_bМинистерство сельского хозяйства
_3RU\NLR\AUTH\889924566
_9344934
801 0 _aRU
_bNLR
_gpsbo
801 1 _aRU
_bELAR
_2rusmarc
852 _aNLR
_jС40 Г-6/436
942 _cBOOK
980 _aNB